02 - 青森県の自治体(Text) - Statistics

General Stats
  • This quiz has been taken 79 times
    18 since last reset
  • The average score is 34 of 40
Answers on the Map
Answers color-coded by a green-red scale on the quiz's map according to % correct below.
 
Answer Stats
市町村 % Correct
青森あおもり
100%
五所川原ごしょがわら
100%
三戸さんのへぐん 五戸ごのへまち
100%
三戸さんのへぐん 三戸さんのへまち
100%
上北かみきたぐん 七戸しちのへまち
100%
十和田とわだ
100%
八戸はちのへ
100%
弘前ひろさき
100%
三沢みさわ
100%
上北かみきたぐん 横浜よこはままち
100%
上北かみきたぐん 六戸ろくのへまち
100%
むつ
100%
西津軽にしつがるぐん 鰺ヶ沢あじがさわまち
83%
南津軽みなみつがるぐん 田舎館いなかだてむら
83%
東津軽ひがしつがるぐん 今別いまべつまち
83%
下北しもきたぐん 大間おおままち
83%
南津軽みなみつがるぐん 大鰐おおわにまち
83%
下北しもきたぐん 風間浦かざまうらむら
83%
黒石くろいし
83%
下北しもきたぐん 佐井さいむら
83%
東津軽ひがしつがるぐん 外ヶ浜そとがはままち
83%
中津軽なかつがるぐん 西目屋にしめやむら
83%
上北かみきたぐん 野辺地のへじまち
83%
三戸さんのへぐん 階上はしかみちょう
83%
下北しもきたぐん 東通ひがしどおりむら
83%
西津軽にしつがるぐん 深浦ふかうらまち
83%
南津軽みなみつがるぐん 藤崎ふじさきまち
83%
上北かみきたぐん 六ヶ所ろっかしょむら
83%
上北かみきたぐん おいらせちょう
83%
つがる
83%
北津軽きたつがるぐん 板柳いたやなぎまち
67%
三戸さんのへぐん 新郷しんごうむら
67%
三戸さんのへぐん 田子たっこまち
67%
上北かみきたぐん 東北とうほくまち
67%
北津軽きたつがるぐん 中泊なかどまりまち
67%
三戸さんのへぐん 南部なんぶちょう
67%
平川ひらかわ
67%
東津軽ひがしつがるぐん 平内ひらないまち
67%
東津軽ひがしつがるぐん 蓬田よもぎたむら
67%
北津軽きたつがるぐん 鶴田つるたまち
50%
No matching quizzes found
Score Distribution
Percent of People with Each Score
Percentile by Number Answered
Your Score History
You have not taken this quiz since the last reset